000 00624nam a22002057a 4500
005 20251108173227.0
008 250721s9999 xx 000 0 ara d
082 1 4 _aم/219/شعر
100 1 _aالشعراوي، محمد متولي
245 1 0 _aالسيرة النبوية للشعراوي /
264 1 _aالقاهرة :
_bالمكتبة التوفيقية،
300 _a712ص
650 1 7 _aالسيرة النبوية
650 1 7 _aحياة الرسول
650 1 7 _aالعصر المدني
650 1 7 _aالعصر المكي
650 1 7 _aأسماء النبي
942 _2ddc
_cREF
999 _c98992
_d98992